[Event "ch-USA Junior"]
[Site "St Louis USA"]
[Date "2010.07.10"]
[Round "1"]
[White "Zierk,S"]
[Black "Yang,Dar"]
[Result "0-1"]
[WhiteElo "2385"]
[BlackElo "2396"]
[EventDate "2010.07.10"]

1. e4 e6 2. d3 d5 3. Nd2 c5 4. Ngf3 Nc6 5. g3 g6 6. Bg2 Bg7 7. O-O Nge7 8.
Re1 b6 9. c3 a5 10. a4 Ra7 11. h4 h6 12. Nf1 d4 13. c4 e5 14. N3h2 Be6 15.
f4 Qc8 16. h5 O-O 17. b3 Kh8 18. Ra2 f5 19. hxg6 exf4 20. Qh5 Nb4 21. Rd2
Qe8 22. gxf4 Qxg6 23. Qh4 Qf7 24. e5 Ng6 25. Qf2 Rg8 26. Rdd1 Bf8 27. Nf3
Be7 28. N1h2 Qe8 29. Kh1 Bd8 30. Rg1 Rag7 31. Bf1 Bd7 32. Be2 Bc6 33. Rg3
Bh4 34. Rdg1 Bxg3 35. Rxg3 Nf8 36. Rh3 Qg6 37. Nf1 Qg1+ 0-1

[Event "ch-USA Junior"]
[Site "St Louis USA"]
[Date "2010.07.10"]
[Round "1"]
[White "Holt,C"]
[Black "Hughes,T"]
[Result "1/2-1/2"]
[WhiteElo "2402"]
[BlackElo "2312"]
[EventDate "2010.07.10"]

1. d4 Nf6 2. c4 g6 3. Nc3 Bg7 4. e4 d6 5. Nf3 O-O 6. h3 e5 7. d5 Nh5 8. Nh2
Qe8 9. Be2 Nf4 10. Bf3 f5 11. g3 Nxh3 12. Bg2 Qf7 13. Bxh3 fxe4 14. Ng4
Bxg4 15. Qxg4 Qxf2+ 16. Kd1 Qd4+ 17. Ke1 Qf2+ 18. Kd1 Qd4+ 19. Ke1 1/2-1/2

[Event "ch-USA Junior"]
[Site "St Louis USA"]
[Date "2010.07.11"]
[Round "2"]
[White "Hughes,T"]
[Black "Zhao,P"]
[Result "1/2-1/2"]
[WhiteElo "2312"]
[BlackElo "2267"]
[EventDate "2010.07.10"]

1. d4 d5 2. c4 c6 3. Nf3 Nf6 4. e3 Bg4 5. Qb3 Qc7 6. Ne5 e6 7. Nc3 Bh5 8.
h3 Nbd7 9. g4 Bg6 10. Nxg6 hxg6 11. Bg2 g5 12. e4 Nxe4 13. Nxe4 dxe4 14.
Bxg5 Qa5+ 15. Bd2 Qb6 16. Qxb6 Nxb6 17. c5 Nd5 18. Bxe4 O-O-O 19. Bg2 Be7
20. O-O-O Bf6 21. Be3 Nxe3 22. fxe3 e5 23. dxe5 Bxe5 24. Kc2 g5 25. Be4 Kc7
26. Rxd8 Kxd8 27. b4 Kc7 28. a4 b6 29. cxb6+ axb6 30. Kb3 c5 31. bxc5 bxc5
32. Kc4 Kb6 33. Rb1+ Ka5 34. Rb5+ Kxa4 35. Rxc5 f6 36. Rc6 Ka3 37. Bg2 Rd8
38. Bd5 Kb2 39. Be4 Rh8 40. Bg2 Rd8 41. Ra6 Kc1 42. Ra2 Rd2 1/2-1/2

[Event "ch-USA Junior"]
[Site "St Louis USA"]
[Date "2010.07.11"]
[Round "2"]
[White "Yang,Dar"]
[Black "Holt,C"]
[Result "1-0"]
[WhiteElo "2396"]
[BlackElo "2402"]
[EventDate "2010.07.10"]

1. d4 d5 2. c4 c6 3. Nc3 dxc4 4. e3 b5 5. a4 b4 6. Na2 e6 7. Bxc4 Nf6 8.
Nf3 Bb7 9. O-O Be7 10. Bd2 a5 11. Nc1 O-O 12. Nb3 Nbd7 13. Qe2 Ne4 14. Rfd1
Nb6 15. Bd3 Qd5 16. Be1 Qxb3 17. Bxe4 Ba6 18. Bd3 Bxd3 19. Rxd3 Qd5 20. e4
Qh5 21. b3 Nd7 22. Bd2 e5 23. Rc1 exd4 24. Rxd4 Nc5 25. Qc4 Ne6 26. Rd7 Bc5
27. Rd1 Rfe8 28. Bc1 h6 29. h3 Rac8 30. Bb2 Rf8 31. Ne5 Kh7 32. R1d2 Rce8
33. Kh2 Qg5 34. g3 Qh5 35. f4 Be3 36. Qe2 Nxf4 37. Qxe3 Qxh3+ 38. Kg1 Nh5
39. Nxf7 Kg8 40. Qf3 Nxg3 41. Nxh6+ Kh7 42. Rxg7+ Kxh6 43. Qe3+ Kh5 44.
Qg5+ 1-0

[Event "ch-USA Junior"]
[Site "St Louis USA"]
[Date "2010.07.11"]
[Round "2"]
[White "Rosen,E"]
[Black "Zierk,S"]
[Result "0-1"]
[WhiteElo "2179"]
[BlackElo "2385"]
[EventDate "2010.07.10"]

1. e4 e6 2. d4 d5 3. Nd2 Nf6 4. e5 Nfd7 5. f4 c5 6. c3 Nc6 7. Ndf3 Qb6 8.
g3 Be7 9. Bh3 cxd4 10. cxd4 f6 11. Ne2 fxe5 12. fxe5 O-O 13. Nf4 Kh8 14. a3
g5 15. Nxe6 Ndxe5 16. dxe5 Bxe6 17. Bxe6 Rae8 18. Qe2 Nxe5 19. Nxe5 Qxe6
20. Rf1 Bf6 21. Kd1 Bxe5 22. Rxf8+ Rxf8 23. Bxg5 Qf5 24. h4 Bxg3 25. Rc1 d4
26. Kd2 Bf4+ 27. Bxf4 Qxf4+ 28. Kd1 d3 29. Qxd3 Qf1+ 30. Qxf1 Rxf1+ 31. Kd2
Rxc1 32. Kxc1 Kg7 33. Kd2 Kg6 34. Ke3 Kh5 35. Kf4 Kxh4 36. b3 h5 37. b4 b5
0-1

[Event "ch-USA Junior"]
[Site "St Louis USA"]
[Date "2010.07.12"]
[Round "3"]
[White "Harper,W"]
[Black "Hughes,T"]
[Result "1-0"]
[WhiteElo "2304"]
[BlackElo "2312"]
[EventDate "2010.07.10"]

1. c4 g6 2. Nc3 Bg7 3. g3 Nf6 4. Bg2 O-O 5. e4 d6 6. Nge2 e5 7. O-O Nbd7 8.
f4 c6 9. h3 b5 10. d3 bxc4 11. dxc4 exf4 12. gxf4 Qb6+ 13. Kh2 Ne8 14. Rb1
f5 15. exf5 Rxf5 16. b4 Rb8 17. b5 cxb5 18. Nd5 Qd8 19. Nd4 Bxd4 20. Qxd4
Ng7 21. Bb2 Qf8 22. Rbe1 Rf7 23. Ne7+ Rxe7 24. Bd5+ Kh8 25. Rxe7 Qxe7 26.
Re1 Ne5 27. fxe5 bxc4 28. e6 Bb7 29. Bxb7 Qxb7 30. Bc3 Qe7 31. Rf1 Rg8 32.
Qd5 Rf8 33. Qb7 1-0

[Event "ch-USA Junior"]
[Site "St Louis USA"]
[Date "2010.07.12"]
[Round "3"]
[White "Zhao,P"]
[Black "Yang,Dar"]
[Result "1-0"]
[WhiteElo "2267"]
[BlackElo "2396"]
[EventDate "2010.07.10"]

1. e4 e6 2. Qe2 e5 3. f4 d6 4. Nf3 Nc6 5. d3 g6 6. fxe5 dxe5 7. Nc3 Bg7 8.
Qf2 Nge7 9. Be2 Nd4 10. Bd1 O-O 11. O-O Nec6 12. Nd5 Nxf3+ 13. Qxf3 f5 14.
Qg3 f4 15. Qf2 Nd4 16. c3 Ne6 17. Be2 Rf7 18. b4 Qd7 19. c4 c6 20. Nc3 Qc7
21. Bb2 Bd7 22. Nb1 a5 23. a3 Rd8 24. Nd2 Bc8 25. c5 Nd4 26. Nc4 Be6 27.
Nd6 Rff8 28. Bd1 Nb5 29. Nxb5 cxb5 30. Be2 g5 31. h3 Bf6 32. Rad1 Qg7 33.
Qf3 axb4 34. axb4 g4 35. hxg4 Bh4 36. Qh3 Bg3 37. Qh5 f3 38. Rxf3 Rxf3 39.
gxf3 Bb3 40. Ra1 Ba4 41. Kg2 Bf4 42. Qf5 Qe7 43. Bc1 Rf8 44. Qh5 Qf6 45.
Bxf4 Qxf4 46. Rh1 Rf7 47. Qh6 1-0

[Event "ch-USA Junior"]
[Site "St Louis USA"]
[Date "2010.07.13"]
[Round "4"]
[White "Zierk,S"]
[Black "Holt,C"]
[Result "1-0"]
[WhiteElo "2385"]
[BlackElo "2402"]
[EventDate "2010.07.10"]

1. e4 e6 2. d4 d5 3. exd5 exd5 4. Nf3 Bd6 5. Bd3 Bg4 6. O-O Nc6 7. c3 Nge7
8. Re1 Qd7 9. Bg5 f6 10. Bh4 O-O-O 11. Bg3 Bxg3 12. fxg3 h5 13. b4 Rde8 14.
Nbd2 Nf5 15. Nb3 Rxe1+ 16. Qxe1 Nd6 17. Qf1 Re8 18. Nfd2 Qe7 19. Bg6 Qe3+
20. Qf2 Qxf2+ 21. Kxf2 Re2+ 22. Kf1 Re3 23. Rc1 Ne7 24. Bb1 Nef5 25. Kg1
Be2 26. a4 Bd3 27. Bxd3 Rxd3 28. Kf2 Nc4 29. Nf1 Nce3 30. Ke2 Nxf1 31. Kxd3
Nxh2 32. Rh1 Ng4 33. Rxh5 Nf2+ 34. Kc2 Nxg3 35. Rh8+ Kd7 36. Nc5+ Ke7 37.
Rc8 b6 38. Rxc7+ Kd8 39. Ne6+ Ke8 40. Nxg7+ 1-0

[Event "ch-USA Junior"]
[Site "St Louis USA"]
[Date "2010.07.13"]
[Round "4"]
[White "Hughes,T"]
[Black "Bryant,J"]
[Result "0-1"]
[WhiteElo "2312"]
[BlackElo "2403"]
[EventDate "2010.07.10"]

1. d4 Nf6 2. c4 c5 3. d5 e6 4. Nf3 exd5 5. cxd5 d6 6. Nc3 a6 7. a4 g6 8.
Bf4 Bg7 9. h3 O-O 10. e3 Qe7 11. Be2 Nbd7 12. O-O Rb8 13. a5 Ne8 14. Ra3 b5
15. axb6 Rxb6 16. Qa1 Nc7 17. Nd2 Ne5 18. Rb3 Rxb3 19. Nxb3 Bb7 20. Rd1 Nd7
21. Na5 Rb8 22. Nc6 Bxc6 23. dxc6 Ne5 24. e4 h6 25. Bf1 Qd8 26. Nd5 Ne6 27.
Bxe5 Bxe5 28. Qxa6 Rxb2 29. Qa7 Qh4 30. g3 Bxg3 31. c7 Nxc7 32. Qxc7 Bh2+
33. Kh1 Qxf2 34. Qd8+ Kg7 35. Qf6+ Qxf6 36. Nxf6 Kxf6 37. Bc4 Rf2 38. Ra1
Ke5 39. Bd5 f5 40. h4 fxe4 41. h5 gxh5 42. Bxe4 Kxe4 43. Ra4+ Kf5 44. Ra2
Bg3 0-1

[Event "ch-USA Junior"]
[Site "St Louis USA"]
[Date "2010.07.13"]
[Round "4"]
[White "Yang,Dar"]
[Black "Harper,W"]
[Result "1-0"]
[WhiteElo "2396"]
[BlackElo "2304"]
[EventDate "2010.07.10"]

1. d4 Nf6 2. c4 e6 3. Nc3 Bb4 4. e3 c5 5. a3 Bxc3+ 6. bxc3 O-O 7. Bd3 Nc6
8. Ne2 b6 9. O-O Ba6 10. e4 Ne8 11. f4 f5 12. exf5 exf5 13. dxc5 bxc5 14.
Be3 d6 15. Ng3 Qd7 16. Qa4 Bb7 17. Rab1 g6 18. Be2 Rc8 19. Rfd1 Qe7 20. Bf2
Ba8 21. Bf3 Nf6 22. Bd5+ Kh8 23. Re1 Qc7 24. Nf1 Rce8 25. Bh4 Ne4 26. Ng3
Kg7 27. Bxe4 fxe4 28. Nxe4 h6 29. Bg3 Ne7 30. Nd2 Bc6 31. Qc2 Nf5 32. Bf2
Ba8 33. Nf1 Qc6 34. Ne3 Rxe3 35. Bxe3 Re8 36. Bd4+ cxd4 37. cxd4 Nxd4 38.
Qb2 Rxe1+ 39. Rxe1 Qb6 40. Qxb6 axb6 41. Re8 Bc6 42. Rd8 Nc2 43. Rxd6 Be8
44. Rxb6 Nxa3 45. c5 Nc4 46. Ra6 Bb5 47. Ra7+ Kf6 48. Kf2 Ke6 49. g4 Kd5
50. Rg7 Be8 51. Re7 Ba4 52. f5 gxf5 53. gxf5 Ne5 54. Kg3 Nd7 55. Kf4 Nxc5
56. f6 Ne6+ 57. Kg4 Bd1+ 58. Kh4 Kd6 59. Re8 Nf4 60. Rd8+ 1-0

[Event "ch-USA Junior"]
[Site "St Louis USA"]
[Date "2010.07.13"]
[Round "4"]
[White "Rosen,E"]
[Black "Zhao,P"]
[Result "0-1"]
[WhiteElo "2179"]
[BlackElo "2267"]
[EventDate "2010.07.10"]

1. e4 c5 2. Nc3 e6 3. Nge2 a6 4. g3 Nc6 5. Bg2 Nge7 6. O-O d6 7. d3 Nd4 8.
Be3 Nec6 9. Qd2 Be7 10. f4 O-O 11. g4 Rb8 12. Ng3 b5 13. g5 Re8 14. Nd1 b4
15. c3 bxc3 16. bxc3 Nb5 17. a4 Nc7 18. Qf2 Bd7 19. h4 Bf8 20. Bh3 Rb7 21.
Ra2 a5 22. Nh5 Na6 23. Kh1 d5 24. Rg1 d4 25. cxd4 cxd4 26. Bxd4 e5 27. Bxd7
Qxd7 28. Qg3 exf4 29. Qxf4 Bd6 30. Qe3 Nxd4 31. Nf6+ gxf6 32. gxf6+ Kh8 33.
Rag2 Qe6 34. Rf1 Rbb8 35. Rg7 Rg8 36. Rf2 Rxg7 37. fxg7+ Kg8 38. Nc3 Be5
39. h5 Rb3 40. Qc1 Qh3+ 41. Kg1 Rxc3 42. Qb2 Ne2+ 43. Rxe2 Bd4+ 44. Rf2 Nb4
45. h6 Bxf2+ 0-1

[Event "ch-USA Junior"]
[Site "St Louis USA"]
[Date "2010.07.14"]
[Round "5"]
[White "Zhao,P"]
[Black "Zierk,S"]
[Result "1-0"]
[WhiteElo "2267"]
[BlackElo "2385"]
[EventDate "2010.07.10"]

1. d4 f5 2. Nc3 Nf6 3. Bg5 e6 4. e4 fxe4 5. Nxe4 Be7 6. Bxf6 Bxf6 7. Qh5+
g6 8. Qh6 b6 9. Nf3 Nc6 10. c3 Bb7 11. Bd3 d5 12. Nxf6+ Qxf6 13. O-O O-O-O
14. Rae1 Rde8 15. Ne5 Nxe5 16. Rxe5 c5 17. Qe3 cxd4 18. Qxd4 Kb8 19. Rfe1
Rhf8 20. f3 Bc6 21. Qb4 Kc7 22. Qa3 Bb7 23. Bb5 Re7 24. c4 dxc4 25. Bxc4
Rd8 26. Qe3 Kb8 27. b3 Ka8 28. a4 Rd6 29. a5 bxa5 30. Rxa5 Qd4 31. Qxd4
Rxd4 32. Rxe6 Rxe6 33. Bxe6 Kb8 34. Rc5 Rd2 35. Bg8 h6 36. Bc4 g5 37. h3
Ba8 38. Ba6 Rd8 39. Kh2 Bd5 40. Kg3 Ka8 41. b4 Bb7 42. Bc4 Rd4 43. b5 Kb8
44. Be2 Rd2 45. Kf2 Rd5 46. Rxd5 Bxd5 47. Kg3 Be6 48. h4 Kc7 49. hxg5 hxg5
50. f4 gxf4+ 51. Kxf4 Kd6 52. g4 Ke7 53. Kg5 Bb3 54. Kh6 Kf6 55. g5+ Kf7
56. g6+ Kf6 57. Bd3 Bg8 58. Bc2 Bc4 59. g7 Ke5 60. Bd3 Bg8 61. Kg6 Kd6 62.
Kf6 Bd5 63. Bg6 Bg8 64. Bf7 Bh7 65. Bc4 Kc5 66. Be2 Kd6 67. Kf7 Kd7 68. Kf8
Kd6 69. g8=Q Bxg8 70. Kxg8 Kc7 71. Kf7 Kb8 72. Ke6 Kc7 73. Kd5 Kd7 74. Kc5
Kc7 75. Kb4 Kb6 76. Bf1 Kc7 77. Ka5 Kb7 78. Bg2+ Kc8 79. Ka6 1-0

[Event "ch-USA Junior"]
[Site "St Louis USA"]
[Date "2010.07.14"]
[Round "5"]
[White "Bryant,J"]
[Black "Yang,Dar"]
[Result "1/2-1/2"]
[WhiteElo "2403"]
[BlackElo "2396"]
[EventDate "2010.07.10"]

1. e4 e6 2. d3 d5 3. Nd2 c5 4. Ngf3 Nc6 5. g3 g6 6. Bg2 Bg7 7. O-O Nge7 8.
Re1 b6 9. h4 h6 10. a3 a5 11. Qe2 Qc7 12. exd5 exd5 13. Nf1 Be6 14. Bf4 Qd7
15. Rab1 O-O 16. Ne5 Nxe5 17. Bxe5 Nc6 18. Bxg7 Kxg7 19. Qd2 Rad8 20. c3 d4
21. c4 Rfe8 22. Qc2 Bf5 23. Nd2 Ne5 24. Ne4 Bg4 25. Nd2 Bf5 26. Ne4 Bg4 27.
Nd2 Bf5 28. Ne4 1/2-1/2

[Event "ch-USA Junior"]
[Site "St Louis USA"]
[Date "2010.07.14"]
[Round "5"]
[White "Harper,W"]
[Black "Rosen,E"]
[Result "0-1"]
[WhiteElo "2304"]
[BlackElo "2179"]
[EventDate "2010.07.10"]

1. d4 Nf6 2. c4 e6 3. Nc3 Bb4 4. g3 O-O 5. Bg2 d5 6. Nf3 Nc6 7. O-O dxc4 8.
Re1 Rb8 9. a3 Be7 10. Qa4 a6 11. Qxc4 Bd7 12. e4 Na5 13. Qa2 b5 14. e5 Nd5
15. Nxd5 exd5 16. Qxd5 Bc6 17. Qxd8 Rfxd8 18. Be3 Nb3 19. Rad1 b4 20. Re2
Be4 21. Nh4 Bxg2 22. Nxg2 bxa3 23. bxa3 c5 24. d5 Nd4 25. Bxd4 Rxd5 26. Ne3
Rxd4 27. Rxd4 cxd4 28. Nf5 Bxa3 29. Ra2 Bc5 30. Ra5 g6 31. Nh6+ Kg7 32. Ng4
h5 33. Nf6 d3 34. Ne4 Rb1+ 35. Kg2 Bb4 36. Rd5 d2 37. Nxd2 Rd1 38. Rd4 a5
39. Nf3 Rxd4 40. Nxd4 Bc3 41. Nb3 a4 42. Nc1 Bxe5 43. Kf3 f5 44. h3 Kf6 45.
Ke3 Ke6 46. Na2 Kd5 47. Kd3 a3 48. Nb4+ Kc5 49. Na2 Bb2 50. f3 g5 51. g4
fxg4 52. fxg4 h4 0-1

[Event "ch-USA Junior"]
[Site "St Louis USA"]
[Date "2010.07.15"]
[Round "6"]
[White "Holt,C"]
[Black "Zhao,P"]
[Result "1-0"]
[WhiteElo "2402"]
[BlackElo "2267"]
[EventDate "2010.07.10"]

1. d4 d5 2. c4 c6 3. Nf3 Nf6 4. e3 a6 5. Bd3 Bg4 6. Qb3 Qc7 7. Ne5 Bh5 8.
cxd5 cxd5 9. Nc3 e6 10. e4 dxe4 11. Nxe4 Nc6 12. Bf4 Nd5 13. Nxc6 Nxf4 14.
Ne5 Nxd3+ 15. Nxd3 Bg6 16. Rc1 Qa5+ 17. Nd2 Bd6 18. Nc5 Rc8 19. Ke2 Bxc5
20. Nc4 Qd8 21. dxc5 O-O 22. Nd6 Rc7 23. Qb6 Qf6 24. Rhd1 Rd7 25. Kf1 h5
26. Nxb7 Bd3+ 27. Kg1 Rd4 28. c6 e5 29. Qc5 Qg5 30. Nd6 Rxd6 31. Qxd6 Be4
32. f3 Bxf3 33. Qd2 Qg6 34. c7 Bxd1 35. c8=Q 1-0

[Event "ch-USA Junior"]
[Site "St Louis USA"]
[Date "2010.07.15"]
[Round "6"]
[White "Zierk,S"]
[Black "Harper,W"]
[Result "1-0"]
[WhiteElo "2385"]
[BlackElo "2304"]
[EventDate "2010.07.10"]

1. e4 c5 2. Nf3 Nc6 3. Bc4 e6 4. d4 cxd4 5. Nxd4 Nf6 6. Nc3 d5 7. exd5 exd5
8. Bb5 Bd7 9. O-O Be7 10. Bg5 O-O 11. Re1 Re8 12. Nf3 Be6 13. Qd2 h6 14.
Bh4 Qb6 15. Bd3 Rad8 16. b3 a6 17. a3 Qc5 18. h3 Rc8 19. Ne2 Ne4 20. Bxe4
Bxh4 21. Bh7+ Kxh7 22. Nxh4 d4 23. Nf3 Red8 24. b4 Qc4 25. Red1 Bf5 26.
Nfxd4 Nxd4 27. Nxd4 Bxc2 28. Rac1 Qa2 29. Qe2 Bxd1 30. Qxa2 Rxc1 31. Qd2
Rdc8 32. Kh2 Bh5 33. Nf5 Bg6 34. Ne7 R1c2 35. Qd1 Rc1 36. Qd2 R1c2 37. Qd1
Rc1 38. Qd7 Rb8 39. Qd6 Re8 40. Qd7 Rb8 41. h4 h5 42. f4 f6 43. Qd2 Ra1 44.
Qc3 Ra2 45. Qb3 Rd2 46. f5 Bxf5 47. Nxf5 Rbd8 48. Qf7 1-0

[Event "ch-USA Junior"]
[Site "St Louis USA"]
[Date "2010.07.15"]
[Round "6"]
[White "Rosen,E"]
[Black "Bryant,J"]
[Result "1/2-1/2"]
[WhiteElo "2179"]
[BlackElo "2403"]
[EventDate "2010.07.10"]

1. e4 c5 2. Nf3 e6 3. d4 cxd4 4. Nxd4 Nf6 5. Nc3 Nc6 6. Ndb5 d6 7. Bf4 e5
8. Bg5 a6 9. Na3 b5 10. Bxf6 gxf6 11. Nd5 Bg7 12. Bd3 Ne7 13. Nxe7 Qxe7 14.
O-O O-O 15. Qf3 f5 16. exf5 Bb7 17. Be4 d5 18. Bxd5 e4 19. f6 Bxf6 20. Qg4+
Kh8 21. Bxb7 Qxb7 22. c3 Rg8 23. Qf5 Rg6 24. Nc2 Re8 25. Ne3 Re5 26. Qh3
Qe7 27. Rad1 Qc5 28. Qd7 Qf8 29. Rd5 Re6 30. Rfd1 Re7 31. Qf5 Re8 32. Qh3
Be5 33. Qf5 Rf6 34. Qd7 Rfe6 35. Nf5 Bf6 36. Qa7 Be5 37. Rd7 Rf6 38. Ne3
Qg8 39. Re7 Rxe7 40. Qxe7 Re6 41. Qh4 Qg6 42. Rd8+ Kg7 43. Qh3 h5 44. g3
Bf6 45. Rd5 Bg5 46. Qf5 Bxe3 47. Qxg6+ Kxg6 48. fxe3 Rf6 49. a4 bxa4 50.
Ra5 Rb6 51. Rxa4 Rxb2 52. Rxe4 Ra2 53. Re5 a5 54. c4 a4 55. Ra5 a3 56. e4
Kf6 57. c5 Ke6 58. c6 Kd6 59. Ra6 f6 60. Kh1 1/2-1/2

[Event "ch-USA Junior"]
[Site "St Louis USA"]
[Date "2010.07.17"]
[Round "7"]
[White "Harper,W"]
[Black "Holt,C"]
[Result "0-1"]
[WhiteElo "2304"]
[BlackElo "2402"]
[EventDate "2010.07.10"]

1. c4 c6 2. e4 d5 3. exd5 cxd5 4. d4 Nf6 5. Nc3 e6 6. Nf3 Bb4 7. Bd3 dxc4
8. Bxc4 O-O 9. O-O h6 10. a3 Bxc3 11. bxc3 Qc7 12. Qd3 Nbd7 13. Re1 b6 14.
Ba2 Rd8 15. Bxh6 gxh6 16. Bxe6 fxe6 17. Qg6+ Kh8 18. Rxe6 Ng8 19. Ng5 Nf8
20. Nf7+ Qxf7 21. Qxf7 Bxe6 22. Qf3 Rac8 23. Re1 Bd5 24. Qd3 Rc7 25. f3 Rg7
26. c4 Bb7 27. a4 Ng6 28. d5 Nf4 29. Qd4 Nxg2 30. Re4 Ne3+ 31. Kf2 Nf5 32.
Qe5 Rf8 33. Rg4 Rff7 34. a5 Kh7 35. axb6 axb6 36. Rxg7+ Nxg7 37. Qd4 Ba6
38. d6 Nf6 39. Qxb6 Bxc4 40. d7 Nxd7 41. Qc6 Bd3 42. Qd5 Bg6 0-1

[Event "ch-USA Junior"]
[Site "St Louis USA"]
[Date "2010.07.17"]
[Round "7"]
[White "Hughes,T"]
[Black "Yang,Dar"]
[Result "0-1"]
[WhiteElo "2312"]
[BlackElo "2396"]
[EventDate "2010.07.10"]

1. d4 d5 2. c4 c6 3. Nf3 Nf6 4. e3 e6 5. Nbd2 Nbd7 6. Bd3 Be7 7. b3 O-O 8.
Bb2 b6 9. O-O Bb7 10. Qe2 Rc8 11. Rfd1 Qc7 12. Rac1 Qb8 13. e4 dxe4 14.
Nxe4 c5 15. Ng3 cxd4 16. Nxd4 Qf4 17. Ndf5 exf5 18. Qxe7 Rfe8 19. Qb4 Ne5
20. Bxf5 Nf3+ 21. gxf3 Qxf3 22. Bh3 Ne4 23. Rd5 Qxf2+ 24. Kh1 Nxg3+ 25.
hxg3 Bxd5+ 26. cxd5 Rxc1+ 0-1

[Event "ch-USA Junior"]
[Site "St Louis USA"]
[Date "2010.07.17"]
[Round "7"]
[White "Bryant,J"]
[Black "Zierk,S"]
[Result "1-0"]
[WhiteElo "2403"]
[BlackElo "2385"]
[EventDate "2010.07.10"]

1. g3 c5 2. Bg2 Nc6 3. Nf3 d5 4. O-O g6 5. d4 c4 6. b3 cxb3 7. axb3 Bg7 8.
Bb2 Bg4 9. Nbd2 Bxf3 10. Nxf3 e6 11. c4 Nge7 12. Qd3 O-O 13. Rfd1 Qb6 14.
Ba3 a5 15. cxd5 exd5 16. Ne5 Nb4 17. Nd7 Qc6 18. Bxb4 Qxd7 19. Bxa5 Qc6 20.
Bb4 Bf6 21. e3 Rfc8 22. Bxe7 Bxe7 23. Bf3 b5 24. Kg2 Bb4 25. Rdc1 Qb7 26.
Rxa8 Rxa8 27. Qc2 f5 28. h4 Kf8 29. h5 Kg7 30. Qc7+ Qxc7 31. Rxc7+ Kh6 32.
hxg6 hxg6 33. Bxd5 Ra2 34. Rc1 Bd2 35. Rh1+ Kg5 36. f4+ Kf6 37. Kf3 Kg7 38.
Rh2 Rb2 39. g4 Bc1 40. Rxb2 fxg4+ 41. Kxg4 Bxb2 42. Bc6 b4 43. d5 Kf6 44.
e4 Ke7 45. e5 Bd4 46. d6+ Ke6 47. Be8 Bg1 48. Bxg6 Bh2 49. Bf5+ Kf7 1-0

[Event "ch-USA Junior"]
[Site "St Louis USA"]
[Date "2010.07.18"]
[Round "8"]
[White "Zhao,P"]
[Black "Harper,W"]
[Result "1-0"]
[WhiteElo "2267"]
[BlackElo "2304"]
[EventDate "2010.07.10"]

1. e4 e6 2. d3 d5 3. Qe2 Nf6 4. Nf3 c5 5. g3 Nc6 6. Bg2 Be7 7. O-O b5 8.
Re1 O-O 9. e5 Nd7 10. h4 a5 11. Bf4 b4 12. Nbd2 Ba6 13. c4 bxc3 14. bxc3 a4
15. a3 c4 16. d4 Qa5 17. Rec1 Rfb8 18. Ra2 Rb3 19. Nb1 Rab8 20. Qc2 Na7 21.
Ng5 Nf8 22. Nf3 Nb5 23. Bg5 Qc7 24. Bxe7 Qxe7 25. Nfd2 Nxa3 26. Nxa3 Rxa3
27. Rca1 Rxa2 28. Qxa2 Bb5 29. Rb1 Nd7 30. f4 g6 31. Bf3 Rb6 32. Kf2 Nb8
33. Bd1 Qa7 34. Qa3 Bc6 35. h5 Rxb1 36. Nxb1 gxh5 37. Bxh5 Qb7 38. Nd2 Be8
39. Bd1 Qd7 40. Nf3 Na6 41. Nh2 Qc7 42. Ng4 Bc6 43. Bc2 Kg7 44. Nf6 h6 45.
g4 Qd8 46. Kg3 Nc7 47. Qc5 Bb5 48. Kf3 a3 49. Qxa3 Ne8 50. g5 hxg5 51. fxg5
Bd7 52. Qa1 Bc6 53. Qh1 Kf8 54. Qh8+ Ke7 55. g6 Qa5 56. Ng8+ Kd7 57. gxf7
Qxc3+ 58. Kg4 Qxd4+ 59. Kh5 Qf4 60. Nf6+ Nxf6+ 61. Qxf6 Qh2+ 62. Kg5 Qd2+
63. Kg6 Qxc2+ 64. Kg7 Qg2+ 65. Qg6 Qe2 66. Qg5 1-0

[Event "ch-USA Junior"]
[Site "St Louis USA"]
[Date "2010.07.18"]
[Round "8"]
[White "Holt,C"]
[Black "Bryant,J"]
[Result "0-1"]
[WhiteElo "2402"]
[BlackElo "2403"]
[EventDate "2010.07.10"]

1. d4 Nf6 2. c4 g6 3. Nc3 Bg7 4. e4 d6 5. Nf3 O-O 6. h3 e5 7. d5 Nh5 8. Be3
Qe8 9. Nb5 Na6 10. Nxa7 Rxa7 11. Bxa7 b6 12. a4 f5 13. Ra3 fxe4 14. Ng5 Bh6
15. h4 Nf4 16. a5 Bxg5 17. hxg5 bxa5 18. Rxa5 Nb4 19. Qd2 Nbd3+ 20. Bxd3
exd3 21. g3 Bg4 22. gxf4 exf4+ 23. Kf1 Be2+ 24. Kg1 Qe5 25. Rh3 Qxg5+ 26.
Rg3 Qh4 27. Rg2 Rf5 28. Qb4 Rg5 29. Qb8+ Kg7 30. Bd4+ Kh6 31. Be3 Bf3 32.
Bxf4 Qxf4 33. Rxg5 Qxg5+ 34. Kf1 Qc1+ 0-1

[Event "ch-USA Junior"]
[Site "St Louis USA"]
[Date "2010.07.19"]
[Round "9"]
[White "Yang,Dar"]
[Black "Rosen,E"]
[Result "1/2-1/2"]
[WhiteElo "2396"]
[BlackElo "2179"]
[EventDate "2010.07.10"]

1. d4 Nf6 2. c4 e6 3. Nc3 Bb4 4. e3 b6 5. Bd3 Bb7 6. Nf3 O-O 7. O-O Bxc3 8.
bxc3 d6 9. Nd2 e5 10. e4 Nc6 11. Nb3 Ne7 12. Qc2 Ng6 13. g3 Re8 14. f3 c6
15. f4 Qc7 16. c5 bxc5 17. fxe5 dxe5 18. Nxc5 Rad8 19. Be3 Bc8 20. Bc4 Re7
21. Rad1 Bh3 22. Rf2 Ng4 23. Bg5 Nxf2 24. Qxf2 h6 25. Bxe7 Qxe7 26. d5 Rd6
27. Qe3 Rf6 28. Nb3 h5 29. Bf1 Bxf1 30. Rxf1 Rxf1+ 31. Kxf1 cxd5 32. exd5
f5 33. Qd3 e4 34. Qd4 Qd6 35. c4 Ne5 36. Kg2 Nf3 37. Qxa7 h4 38. Qe3 Qe5
39. Qe2 g5 40. d6 Qxd6 41. c5 h3+ 42. Kf2 Qd5 43. Qa6 Kg7 44. Qd6 Qxd6 45.
cxd6 Kf6 46. g4 Nxh2 47. gxf5 Ng4+ 48. Kg3 h2 49. Kg2 e3 50. Nd4 Nh6 51.
Kxh2 e2 1/2-1/2